Agents sow the seeds for spring (Record no. 69366)
[ view plain ]
| 000 -LEADER | |
|---|---|
| fixed length control field | 01279cam a2200253 4500 |
| 001 - CONTROL NUMBER | |
| control field | ABS65047 |
| 008 - FIXED-LENGTH DATA ELEMENTS--GENERAL INFORMATION | |
| fixed length control field | 020125n2001 000 0 eng u |
| 035 ## - SYSTEM CONTROL NUMBER | |
| System control number | (Sirsi) u116444 |
| 100 ## - MAIN ENTRY--PERSONAL NAME | |
| Personal name | Norwood, G |
| 245 ## - TITLE STATEMENT | |
| Title | Agents sow the seeds for spring |
| 260 ## - PUBLICATION, DISTRIBUTION, ETC. | |
| Date of publication, distribution, etc. | 2001 |
| 490 ## - SERIES STATEMENT | |
| Series statement | Estates Gazette |
| Volume/sequential designation | (0201) 5 January 2002, 62-63(2) |
| 520 ## - SUMMARY, ETC. | |
| Summary, etc. | Illustrates how the key players in residential estate agency are investing in revamped websites to gain a competitive edge over their rivals. Outlines the plans of Hamptons International to transform http://www.hamptons.co.uk into a 'personalised website' with features such as quick and detailed search options, email updates, online surveys, house price information and market commentary. Also includes details of Jackson-Stops & Staff plans to improve its website http://www.jackson-stops.co.uk and the 'no charge' website Pureproperty.com run by estate agent Foxtons. Concludes by highlighting the new RICS website. |
| 590 ## - LOCAL NOTE (RLIN) | |
| Local note | ABS |
| 650 ## - SUBJECT ADDED ENTRY--TOPICAL TERM | |
| Topical term or geographic name entry element | JACKSON-STOPS & STAFF |
| 650 ## - SUBJECT ADDED ENTRY--TOPICAL TERM | |
| Topical term or geographic name entry element | PUREPROPERTY |
| 650 ## - SUBJECT ADDED ENTRY--TOPICAL TERM | |
| Topical term or geographic name entry element | RICS |
| 650 ## - SUBJECT ADDED ENTRY--TOPICAL TERM | |
| Topical term or geographic name entry element | PROPERTY INFORMATION |
| 650 ## - SUBJECT ADDED ENTRY--TOPICAL TERM | |
| Topical term or geographic name entry element | HAMPTONS INTERNATIONAL |
| 650 ## - SUBJECT ADDED ENTRY--TOPICAL TERM | |
| Topical term or geographic name entry element | WEBSITES |
| 650 ## - SUBJECT ADDED ENTRY--TOPICAL TERM | |
| Topical term or geographic name entry element | RESIDENTIAL ESTATE AGENCY |
| 690 ## - LOCAL SUBJECT ADDED ENTRY--TOPICAL TERM (OCLC, RLIN) | |
| Topical term or geographic name as entry element | INFORMATION TECHNOLOGY-INTERNET |
| 942 ## - ADDED ENTRY ELEMENTS (KOHA) | |
| Suppress in OPAC | 0 |
| Withdrawn status | Lost status | Source of classification or shelving scheme | Damaged status | Not for loan | Home library | Current library | Shelving location | Date acquired | Total Checkouts | Full call number | Barcode | Date last seen | Copy number | Price effective from | Koha item type |
|---|---|---|---|---|---|---|---|---|---|---|---|---|---|---|---|
| Dewey Decimal Classification | London | London | Journal article | 25/01/2002 | ABS65047 | 116444-1001 | 06/08/2019 | 1 | 06/08/2019 | Journal article |